Jakiej narodowości jest ten raper? - Statystyki

Ogólne statystyki
  • Ten quiz został rozwiązany 471 razy
    399 od ostatniego zresetowania
  • Średni wynik to 12 z 26
Statystyki odpowiedzi
Hint Odpowiedź % Poprawnych
Quebonafide Polska
91%
6ix9ine USA
87%
Feduk Rosja
79%
Lil Uzi Vert USA
78%
Schafter Polska
77%
Gedz Polska
74%
Tyga USA
68%
Deys Polska
67%
Logic USA
61%
Quavo USA
57%
PLK Francja
50%
Maks Korż(Макс Корж) Białoruś
49%
21 Savage Wielka Brytania
49%
Skepta Wielka Brytania
46%
GZUZ Niemcy
44%
Allj Rosja
44%
Sfera Ebbasta Włochy
39%
Maxwell Niemcy
30%
Niska Francja
23%
Kaaris Francja
22%
Night Lovell Kanada
21%
Sofiane Francja
18%
Bad Bunny Hiszpania
17%
Capital BRA Rosja
11%
RAF Camora Szwajcaria
11%
SosMula Brazylia
9%
Nie znaleziono quizów pasujących do podanych kryteriów
Rozkład punktacji
Procent ludzi z każdym wynikiem
Percentyl według liczby udzielonych odpowiedzi
Twoja historia wyników
Nie rozwiązałeś tego quizu od ostatniego zresetowania